000
00257nam a2200109Ia 4500
008
190912s9999||||xx |||||||||||||| ||und||
100
_a
Declan Hayes
245
0
_a
Japan The Toothless Tiger
260
_a
USA
_b
McGraw-Hill
_c
2001
300
_a
174
942
_c
BK
999
_c
7797
_d
7797